Pionýrská encyklopedie diel 1

Bibliographic Details
Other Authors: Svatoš, Zdeněk (Compiler)
Format: Book
Language:Czech
PhysicalDescription:254 s. viaz.
Published: Praha Mladá fronta 1978
Edition:1. vyd.
Subjects:

MARC

LEADER 00000nam a2200000 a 4500
001 vtls008740748
003 SK-MaSNL
005 20260302075134.0
008 210928s1978 xo cze
020 |c 40.00 
035 |a POKPOH35903 
040 |a SNK  |b slo  |c SNK  |e AACR2 
041 0 |a cze 
245 |a Pionýrská encyklopedie  |c Zdeněk Svatoš  |n diel 1 
250 |a 1. vyd. 
260 |a Praha  |b Mladá fronta  |c 1978 
300 |a 254 s. viaz. 
655 7 |a encyklopédie pre deti a mládež  |2 POKPOH  |9 70591 
700 1 |a Svatoš, Zdeněk  |4 com  |9 741592 
958 |a OND 
999 |c 1168041  |d 1169971 
952 |a SNK  |b SNK  |y VYP  |7 0  |p 17A0560372  |o snkIB 40620/1 D1  |i snkKSP 336/79  |3 rekatalogizácia  |0 0  |1 0  |4 0  |d 2007-09-19  |l 0  |r 2026-02-24 20:54:21  |w 2026-02-24